00816 2200301 4500001002100000005001500021035002500036007000300061008004100064020002200105040001700127082001200144084001400156090001800170090002100188100002100209245008600230250001100316260003500327300003700362650001400399700001300413850001200426999002100438990002100459990001700480990001700497INLIS00000000000313520200519100857 a0010-041500000000201ta150402s2014 yoia br ind d a978-602-279-107-2 aYOPDYOGbind04222a793 a793 YUS t aDEP 793 YUS t aCB-D.11 2014-7070 aYusuf Kristianto00aTerampil membuat mainan anak tempo dulu /cYusuf Kristianto; penyunting, Mahadewa aCet. 13 aYogyakarta :bDiva Kids,c2014 a72 halaman :bilustrasi ;c26 cm 4aPermainan0 aMahadewa aYOPDYOG aCB-D.11/2014-707 aCB-D.11/2014-707 a3539-KS/B.15 a3540-KS/B.15